shark quiz - Statistics

General Stats
  • This quiz has been taken 38 times
  • The average score is 8 of 10
Answer Stats
Hint Answer % Correct
shark featured in the movie Jaws Great White
100%
Only shark known to swim in freshwater Bull Shark
88%
prehistoric shark that could be as big as 50 feet Megalodon
88%
the biggest shark species Whale Shark
88%
type of shark that is called garbage can of the sea and will eat any trash even a license plate Tiger shark
84%
type of shark with a big saw on its nose Sawshark
72%
shark that can live for 400 years Greenland Shark
69%
shark that is know for eating stingrays Hammerhead
69%
fastest shark Shortfin Mako
56%
shark that will jump 18 feet out of the water Thresher shark
53%
No matching quizzes found
Score Distribution
Percent of People with Each Score
Percentile by Number Answered
Your Score History
You have not taken this quiz